Sirenas. Taburete - Estadísticas

Estadísticas generales
  • Esta prueba ha sido intentada 43 veces
  • La puntuación promedio es 193 de 241
Estadísticas de respuestas
Respuesta % Correcto
a
96%
A
96%
la
96%
en
93%
las
93%
los
93%
luna
93%
Se
93%
se
93%
Y
93%
de
89%
El
89%
el
89%
ha
89%
han
89%
huele
89%
olvidado
89%
qué
89%
que
89%
Que
89%
cabaré
85%
cantan
85%
cantinas
85%
cómo
85%
día
85%
es
85%
fama
85%
Perdí
85%
un
85%
bailan
81%
Cuando
81%
cuando
81%
No
81%
no
81%
salido
81%
solo
81%
Solo
81%
todo
81%
Todo
81%
bailas
78%
casa
78%
Mi
78%
tu
78%
vamos
78%
aquí
74%
entrado
74%
ganas
74%
nos
74%
Nos
74%
su
74%
tus
74%
acaba
70%
Dron
70%
hay
70%
más
70%
metal
70%
piernas
70%
raro
70%
sobre
70%
Te
70%
te
70%
acabado
67%
alto
67%
claro
67%
del
67%
despacio
67%
echo
67%
Esto
67%
falta
67%
fin
67%
frenesí
67%
llegado
67%
luto
67%
menos
67%
miedo
67%
pasé
67%
portal
67%
ríen
67%
siempre
67%
venas
67%
volar
67%
Yendo
67%
aprendí
63%
beben
63%
demos
63%
esconde
63%
hace
63%
medias
63%
nada
63%
paguemos
63%
pasa
63%
serán
63%
sobredosis
63%
vuelta
63%
bebértelo
59%
dijiste
59%
mirando
59%
Ni
59%
ni
59%
Nunca
59%
pañuelos
59%
Recapitulemos
59%
frenar
56%
Podría
56%
boleros
52%
cualquiera
52%
diez
52%
flotan
52%
Vestías
52%
cuello
48%
Crees
44%
tocarle
37%
No se encontraron pruebas coincidentes
Distribución de puntuación
Porcentaje de gente con cada puntuación
Porcentaje por número respondido
Historial de tus puntuaciones
No has intentado esta prueba.